Sword Art Online Trivia - Statistics

General Stats
  • This quiz has been taken 481 times
  • The average score is 6 of 15
Answer Stats
Hint Answer % Correct
What is Kirito's real first name? Kazuto
82%
What is the name of Akihiko Kayaba's avatar? Heathcliff
65%
What is Kirito's special skill? Dual-wielding
56%
What is the name of SAO's operating system? Cardinal
52%
What year does this take place in? 2022
47%
How many players died in SAO? (rounded to the nearest thousand) 4,000
42%
On which floor does Kirito defeat the boss with his special skill? 74
42%
What is the name on Silica's pet? Pina
41%
What does Kayaba place in every player's inventory? Hand Mirror
35%
What is the name of Kirito's black sword? The Elucidator
30%
What item does Kayaba give Kirito in Alfheim? The Seed
28%
What is the name of the first guild Kirito joins? Moonlit Black Cats
19%
What does Alfheim mean? Land of Fairies
14%
How many players die from having their NerveGear removed? 213
12%
What soda did Klein order before logging on to SAO? Ginger Ale
11%
No matching quizzes found
Score Distribution
Percent of People with Each Score
Percentile by Number Answered
Your Score History
You have not taken this quiz